00753nam a22002172a 45000010005000000030008000050050017000130080041000300200015000710350050000860400037001360410011001730820018001841000018002022450122002202600068003423000043004105040025004536500038004787000019005167988BD-RjUL20211208234515.0160114s1971 enka b 000 0 eng d a0850590604 aOCLC ocm00286361 from D951005Ma(BD-RjUL)8033 aDLCcDLCdUKMdEQOdBD-RjULbeng1 aengger a358.1809bHAT1 aHalle, Armin.10aTanks:ban illustrated history of fighting vehicles /c[translated from the German M.S.]; illustrated by Carlo Demand aLondon :b(9 Ely Pl., EC1N 6SQ), Patrick Stephens Ltd ,cc1971. a176 p. :billus. (some col.).c31 cm . aBibliography: p. 175 0aTanks (Military science)xHistory1 aDemand, Carlo.